[Event "Vidmar Memorial 16th"]
[Site "Portoroz"]
[Date "2005.07.09"]
[Round "1"]
[White "Pavasovic, Dusko"]
[Black "Djukic, Nikola"]
[Result "0-1"]
[WhiteElo "2566"]
[BlackElo "2521"]
[Annotator "Roiz,M"]
[PlyCount "82"]
[EventDate "2005.07.09"]
[EventType "tourn"]
[EventRounds "9"]
[EventCountry "SLO"]
[EventCategory "12"]
[SourceTitle "CBM 108"]
[Source "ChessBase"]
[SourceDate "2005.09.26"]
[SourceVersion "1"]
[SourceVersionDate "2005.09.26"]
[SourceQuality "1"]

1. e4 d5 2. exd5 Qxd5 3. Nc3 Qd8 {That continuation is a really rare guest in
the modern practice. 3...Qa5 and 3...Qd6 are much more popular.} 4. d4 Nf6 5.
Bg5 {An ambitious way of development. White immediately tries to exploit his
development advantage.} ({A nice example of white's attacking potential in
this line was shown by 11th World champion in the following game:} 5. Bc4 Bf5
$6 (5... Bg4 $142) (5... c6 $142) 6. Qf3 $1 Qc8 7. Bg5 Bxc2 $6 8. Rc1 Bg6 9.
Nge2 Nbd7 10. O-O e6 11. Bxf6 gxf6 12. d5 $36 e5 13. Bb5 Be7 14. Ng3 a6 15. Bd3
Qd8 16. h4 h5 17. Bf5 Nb6 18. Nce4 Nxd5 19. Rfd1 c6 20. Nc3 Qb6 21. Rxd5 cxd5
22. Nxd5 Qxb2 23. Rb1 Qxa2 24. Rxb7 {1-0 Fischer,R-Addison,W/Palma de Mallorca
1970/IZT (24)}) ({The alternatives are also:} 5. Nf3) ({and} 5. Bd3) 5... h6 {
Black is not worrying about his king-side pawn structure-in case of 6.Bxf6
exf6 his bishops would compensate some drawbacks. The main reason of that move
is securing the statement of Bc8 at f5.} ({The immediate} 5... c6 {is much
more popular in this position. For instance,} 6. Nf3 (6. Bc4 Bg4 7. f3 Bf5 8.
g4 Bg6 9. h4 h5 10. Nge2 hxg4 11. Nf4 Bf5 12. Bxf6 gxf6 13. fxg4 Qd6 $132 {
.. 0-1 Markovic,I-Solak,D/Budva 2002/EXT 2003 (40)}) 6... Bf5 7. Ne5 Nbd7 8.
Qf3 Bxc2 9. Bc4 e6 10. Qe2 Bg6 11. h4 Bb4 12. Kf1 $44 {1-0 Pap,M-Markovic,Z/
Dimitrovgrad 2003/CBM 93 ext (23)}) ({After} 5... e6 $6 6. Nf3 Be7 7. Bd3 $14 {
white has a pleasant edge.}) 6. Bh4 ({In my opinion,more principal would be:} 
6. Bxf6 exf6 7. Bc4 Bb4 8. Qe2+ Qe7 9. Qxe7+ Kxe7 10. Nge2 $14 {with a
somewhat better endgame for white.}) 6... c6 7. Bc4 $146 (7. Qd2 Bf5 8. Nf3 e6
9. Bd3 Bxd3 10. Qxd3 Be7 11. Bxf6 Bxf6 12. O-O-O Nd7 13. Ne4 Qc7 14. Kb1 O-O-O
$11 {1/2-1/2 Sziva,E-Makropoulou,M/Kuala Lumpur 1990/TD (61)}) 7... Bf5 8. Nf3
$6 {That natural move allows black to complete the development without any
problems.} ({It was a right moment for:} 8. Bxf6 $142 exf6 9. Qe2+ Be7 10.
O-O-O O-O 11. d5 $14) 8... e6 9. Ne5 Nbd7 10. Qe2 $6 {That is probably
connected with some king of blunder,since now black gets a pair of the bishops
for free.} ({More logical would be:} 10. f4 $142 Qb6 11. Bb3 Rd8 12. Nc4 Qc7
13. O-O $132 {[%cal Gc4e3,Gf4f5] with a complicated play.}) 10... Nxe5 $1 {
That powerful tactical operation was probably overlooked by Dusko.} 11. dxe5 (
11. Bxf6 gxf6 (11... Qxf6 12. dxe5 Qg6 13. O-O-O Bb4 $15) 12. dxe5 Rg8 13. Rd1
Qb6 $36) 11... Qd4 $1 12. Bg3 {Ofcourse,that looks passively,but other options
were even worse.} (12. exf6 Qxh4 13. fxg7 Bxg7 14. O-O O-O-O $17 {[%csl Gf5,
Gg7]}) (12. f4 Ng4 $1 13. Rd1 Qxf4 14. Nb5 Bb4+ 15. c3 O-O 16. Bg3 Qg5 $17 17.
Nc7 $140 $2 Rad8 18. cxb4 Rxd1+ 19. Qxd1 Rd8 $19) 12... Nd5 13. Bxd5 {That
exchange is practically necessary.} ({After} 13. Rd1 Nxc3 14. Rxd4 Nxe2 15.
Kxe2 Bxc2 16. Rc1 Bf5 17. Rcd1 b5 18. Bb3 c5 $17 {white wouldn't get any
compensation for the pawn.}) 13... exd5 $15 {Now black has a nice pawn
structure and pair of the bishops,so white's position is quite unpleasant.} ({
Ofcourse,not} 13... cxd5 $2 14. Qb5+ $16) 14. O-O h5 {Seizing a space on the
king-side.} ({Deserved attention also:} 14... Bg4 $5 15. Qd3 (15. Qe1 Bb4 $15)
15... Qxd3 16. cxd3 Kd7 $15 {[%csl Gf8,Gg4] with an obvious advantage.}) 15. h3
$8 h4 16. Bh2 Be7 17. Nd1 $2 {That allows black to trade the queens,so white
remains without counterplay.} ({Much better was:} 17. Rfd1 $142 Qb6 18. Rab1 {
in order to meet} O-O-O $140 {with} 19. b4 $1 d4 20. Ne4 $132) 17... Qe4 $1 18.
Qxe4 Bxe4 19. c3 O-O-O {Now black has a full control of the light squares!} 20.
Re1 {Allowing black to transfer the bishop to e6.} ({On the other hand,i can
hardly recommend something better,since after:} 20. Ne3 d4 21. cxd4 Rxd4 22.
Rfd1 Rhd8 $17 {black's advantage is also great.}) 20... Bf5 $1 21. Ne3 Be6 $17
{[%csl Rh2][%cal Gc6c5,Gd5d4] The endgame is very hard for white: he has no
counterplay at all,while black may advance his queen-side pawns little by
little.} 22. Rad1 {Trying to set-up some kind of blockade.} (22. f4 g6 $17)
22... c5 23. b3 ({Hardly better would be:} 23. Nc2 Rd7 24. Rd2 Rhd8 25. Red1 b6
$17 {[%cal Gc8b7,Gb7c6] and it's not easy to find any useful plan for white.})
23... Rd7 24. f4 g6 {Preventing f4-f5 and fixing the weak Pf4.} 25. Kf1 $2 {
The passive strategy usually leads to disaster,like in the following game!} ({
White could provide much more resistance by:} 25. Re2 $1 d4 26. cxd4 Rxd4 ({or
} 26... cxd4 27. Ng4 $17) 27. Rxd4 cxd4 28. Ng4 $17) 25... Rhd8 26. Ng4 d4 {
Creating a strong passed pawn.} 27. c4 ({After} 27. cxd4 Rxd4 ({also strong is:
} 27... cxd4 28. Nf6 Rc7 {and it's not easy to do anything against the
penetration of Rc7 along the ''c'' file.}) 28. Rxd4 Rxd4 $19 {[%cal Gb7b5]
followed by advancement of the queen-side pawns. Black's position is just
winning from strategical point of view!}) 27... b5 $1 {A decisive
breakthrough-white couldn't stop the united pawns Pc5 and Pd4.} 28. cxb5 (28.
Rc1 bxc4 29. bxc4 Rb7 $19 {[%csl Rc4][%cal Gb7b4]}) 28... Rb7 29. Nf2 Rxb5 {
Intending to break white's defensive construction by a7-a5-a4.} 30. Ne4 {
That attempt to get some counterplay is unsuccessful.} ({It looks like white
couldn't hold on also after the more resistant:} 30. Nd3 a5 31. Nb2 a4 $1 32.
Nxa4 c4 33. Bg1 ({or} 33. Rc1 Ba3 34. bxc4 Rb4 35. Nc5 Bxc4+ $19) 33... Bb4 34.
Rxd4 (34. Re4 cxb3 35. a3 Bxa3 36. Rexd4 Rxd4 37. Bxd4 b2 38. Nc3 Rb3 39. Nb1
Bb4 $19) 34... Rxd4 35. Bxd4 Bxe1 36. Kxe1 cxb3 37. axb3 Rxb3 38. Nc5 Rb1+ 39.
Kf2 Bd5 $19) 30... a5 31. f5 ({or} 31. Rc1 a4 32. bxa4 Ra5 33. Red1 Bxa2 $19 {
[%cal Ga2b3]}) 31... gxf5 32. Nd6+ Bxd6 33. exd6 Kd7 $19 {Neutralizing the
significance of white's passed pawn.} 34. Re5 (34. Rc1 a4 35. bxa4 Ra5 $19)
34... f6 {Parrying an obvious threat of 35.Rxc5.} 35. Ree1 (35. Re2 a4 36. bxa4
Rb4 37. Rc2 Rc8 38. a5 Ra4 39. Rb1 Bd5 40. Re1 Be4 $19) 35... a4 36. bxa4 Rb2 {
Now black has a full domination over the board! The game is over.} 37. Rc1 c4
38. Rxe6 (38. Re2 Rdb8 $19) 38... Kxe6 39. Rxc4 Kd5 40. Rc7 d3 41. Rc3 Kd4 0-1

[Event "EU-ch 6th"]
[Site "Warsaw"]
[Date "2005.06.27"]
[Round "9"]
[White "Grigoriants, Sergey"]
[Black "Galego, Luis"]
[Result "0-1"]
[WhiteElo "2553"]
[BlackElo "2493"]
[Annotator "Roiz,M"]
[PlyCount "66"]
[EventDate "2005.06.18"]
[EventType "swiss"]
[EventRounds "13"]
[EventCountry "POL"]
[SourceTitle "CBM 108"]
[Source "ChessBase"]
[SourceDate "2005.09.26"]
[SourceVersion "1"]
[SourceVersionDate "2005.09.26"]
[SourceQuality "1"]

1. e4 d5 2. exd5 Qxd5 3. Nc3 Qd6 {That retreat gains a serious popularity
nowdays. The theoretical lines here are less studied than after the
''classical'' 3...Qa5.} 4. d4 a6 ({Another way of development here is-->} 4...
Nf6 5. Nf3 c6 {but black leaves the ''c6'' square for the knight.}) 5. Nf3 Nf6
6. Be2 {That is the most quiet developing move.} ({White has a large choice of
possibilities here:} 6. Bd3) (6. Bc4) (6. Be3) (6. g3) (6. h3) ({and even} 6.
Ne5 $5 {[%cal Gc1f4]}) 6... Nc6 {That is a somewhat provoking move,since black
has also to deal with an opportunity of d4-d5.} (6... Nbd7 {-->is Gm Sermek's
favourite continuation.}) ({The alternatives are also:} 6... Bf5) (6... Bg4) ({
and} 6... e6) 7. Be3 {That move is connected with a queen-side castle.} ({After
} 7. O-O {black is usually able to complete the development without special
problems. For instance,} Bg4 8. h3 Bh5 9. Be3 Rd8 10. Qd2 e6 11. Rad1 Be7 12.
Bf4 Qd7 13. Qe3 O-O 14. Ne5 $14 {1/2-1/2 Glinert,S-Spraggett,K/Richmond 2002/
CBM 88 (26)}) 7... Bg4 8. Qd2 e6 ({White has some development advantage,so the
immediate attempt to simplify the position fails to:} 8... e5 9. dxe5 Nxe5 10.
Nxe5 Qxe5 11. Bxg4 Nxg4 12. O-O-O Bd6 13. Bd4 Qf4 14. Rhe1+ Kf8 15. Qxf4 Bxf4+
16. Kb1 $36 {1-0 Dervishi,E-Pizzuto,S/Bratto ITA 2004/The Week in Chess 512 
(36) and white's initiative is significant even in the endgame.}) 9. h3 {
That move has some drawback: now black will take control of Pf7.} ({In my
opinion,the immediate castle causes black more problems:} 9. O-O-O O-O-O 10. a3
Be7 (10... Bh5 $5) 11. Ng5 Rdf8 12. Nge4 Qd8 13. Nxf6 Bxe2 14. Qxe2 Bxf6 15. d5
exd5 16. Nxd5 $14 {1/2-1/2 Van Riemsdijk,H-Sermek,D/Auckland 1999/CBM 74 ext 
(76)}) 9... Bh5 10. O-O-O $146 {White has to play enegretically in order to
expoit some vulnerablity of Qd6.} ({White doesn't achieve anything after the
quiet:} 10. a3 Be7 11. O-O O-O 12. Rad1 Rfd8 13. Qc1 Qd7 14. Ne5 Qe8 15. Bxh5
Nxh5 16. Nf3 Nf6 $11 {1/2-1/2 Danin,A-Kurnosov,I/St Petersburg RUS 2004/The
Week in Chess 498 (98)}) 10... O-O-O {Black has comfortably completed
development,while his pawn structure is quite good. That means,that if white
couldn't immediately exploit some deficit of coordination between black's
pieces-black will be fine!} 11. Ne5 (11. g4 Bg6 12. Ne5 Nxe5 13. dxe5 Qxd2+ 14.
Rxd2 Rxd2 15. Kxd2 Ne4+ 16. Nxe4 Bxe4 17. f3 Bc6 $11) 11... Bg6 $6 {Black is
too careful!} ({Two other possibilities were better:} 11... Nxe5 12. dxe5 Qxd2+
13. Rxd2 Bxe2 (13... Rxd2 14. Bxh5 $1 Nxh5 15. Kxd2 $14 {[%csl Rh5]}) 14. Rxd8+
Kxd8 15. exf6 Bh5 16. g4 Bg6 17. Rd1+ Kc8 18. Bd4 Rg8 $11 {with an equal
endgame}) ({or even:} 11... Bxe2 12. Nxf7 Qd7 13. Nxd8 Bxd1 14. Nxc6 Qxc6 15.
Qxd1 Qxg2 $11 {and white has also weak pawns.}) 12. h4 $5 {White is going for
a slighty better endgame.} ({The advantage in the middlegame after:} 12. Nxg6
hxg6 13. Bf3 Nb4 $1 {[%cal Gb4d5] wouldn't significant at all.}) 12... Nxe5 {
That tackle is forced.} ({The tricky continuation} 12... Be7 $2 13. h5 Nxe5 14.
dxe5 Qxe5 15. Bd4 Qa5 $6 (15... Rxd4 16. Qxd4 Qxd4 17. Rxd4 $16) 16. hxg6 c5 {
was bad for black because of:} 17. Bxf6 $1 Rxd2 18. Rxh7 $1 Rxd1+ 19. Bxd1 $18)
13. dxe5 Qxd2+ 14. Rxd2 Rxd2 15. Bxd2 $14 {White's chances are slighty better
due to some space advantage. On the other hand,black has no real weaknesses,so
his position is quite defensible.} Ne4 {Simplifying the position even more.} ({
Ofcourse,not} 15... Nd5 $2 16. Nxd5 exd5 17. Bg4+ Kb8 18. h5 Be4 19. f3 $18)
16. h5 Nxc3 (16... Bf5 {was an approximately equal alternative:} 17. Nxe4 Bxe4
18. Rh4 $1 Bc6 (18... Bxg2 $2 19. f3 $18 {[%csl Rg2][%cal Gh4h2]}) 19. Rf4 Be8
20. Bf3 $14) 17. Bxc3 Be4 18. Rh4 Bc6 ({The Pg2 was poisoned:} 18... Bxg2 $4
19. f3 $18) 19. Bb4 {White's plan is to exchange the dark-squared bishops in
order to provoke g7-g6 which would weaken the ''f6'' square.} ({White could
keep some edge after:} 19. Rf4 Be8 20. Bf3 $1 Bc5 21. Bd4 Be7 22. Rg4 g6 23. h6
$14 {and white's pieces are obviously more active.}) 19... Bxb4 20. Rxb4 Kd7 {
Activating the king.} 21. Rg4 g6 {So,white has achieved his goal,although it's
very difficult to exploit the weakness of ''f6''.} 22. g3 ({After} 22. Rh4 Rd8
23. hxg6 hxg6 24. g3 Ke7 $11 {white cannot use the ''h'' file.}) 22... Ke7 23.
c4 $1 {An important profilactic move before advancing the monarch.} ({
Premature would be:} 23. Kd2 $6 Rd8+ 24. Ke3 {[%cal Gg4d4] in view of:} Rd5 $1
25. f4 Rd8 $11 {and black is O.K due to control of the ''d'' file.}) 23... Rd8
24. Kc2 a5 {It's useful to put the pawns on the dark squares. Anyway,black
cannot do anything except wait.} 25. Kc3 b6 26. b3 ({More logical would be:} 
26. Rd4 $5 Rxd4 (26... Rg8 27. h6 $14) 27. Kxd4 $14 {[%cal Gd4e3,Ge3f4,Gh5h6]
although black should hold on in this endgame.}) 26... Bb7 27. Rf4 $6 {A
pointless move which allows black to take control of the important ''d4''
square.} ({It was the last opportunity for:} 27. Rd4 $142 Rxd4 (27... Rg8 28.
h6 $140 $14 g5 $6 29. Bd3 $16) 28. Kxd4 c5+ 29. Ke3 $14 {[%csl Ra2,Rb3]
although here white's advantage is even less significant than after 26.Rd4,
since his queen-side pawns may become vulnerable.}) 27... c5 $11 28. Bd3 Bc6
29. Bc2 Rg8 {Now the idea of 30...gxh5,followed by 31...Rg5 is also relevant.}
30. h6 ({Nothing changes} 30. Kd2 gxh5 {[%cal Gg8g5]} 31. Rh4 Rg5 32. Bxh7 b5
$11 {and white cannot make progress.} ({but not} 32... Rxe5 $4 33. f4 $18))
30... Rd8 31. a4 Rd7 32. Bd3 Rd8 33. Kd2 $4 {A terrible blunder in a dead
drawn position!} g5 $1 {A very unexpected end of the game!} ({White resigns,
since he cannot avoid a loss of his bishop:} 33... g5 34. Rg4 ({or} 34. Rf6 Be4
) 34... Bf3 35. Rxg5 Be4 $19) 0-1

[Event "EU-chT (Men) 15th"]
[Site "Gothenburg"]
[Date "2005.08.05"]
[Round "7.1"]
[White "Neubauer, Martin"]
[Black "Dutreeuw, Marc"]
[Result "1-0"]
[WhiteElo "2468"]
[BlackElo "2361"]
[Annotator "Roiz,M"]
[PlyCount "89"]
[EventDate "2005.07.30"]
[EventType "team-swiss"]
[EventRounds "9"]
[EventCountry "SWE"]
[SourceTitle "CBM 109"]
[Source "ChessBase"]
[SourceDate "2005.11.14"]
[SourceVersion "1"]
[SourceVersionDate "2005.11.14"]
[SourceQuality "1"]
[WhiteTeam "Austria"]
[BlackTeam "Belgium"]
[WhiteTeamCountry "AUT"]
[BlackTeamCountry "BEL"]

{[%mdl 128]} 1. e4 d5 2. exd5 Qxd5 3. Nc3 Qd6 4. d4 Nf6 5. Nf3 a6 6. g3 {
That is one of the most principal ways to fight for the opening advantage.
White prepares the fianchetto Bg2 and takes control of the square f4 which
gives him one more tempo for development (attacking the Qd6 by Bf4).} Bf5 {
A very rare continuation.} ({The main line here is-->} 6... Bg4 7. Bg2 Nc6 8.
O-O O-O-O {which usually leads to a sharp play.}) 7. Bg2 Nc6 ({Too passive is:
} 7... c6 $6 {which has no logical connection with 5...a6.} 8. O-O e6 9. Bf4
Qd8 10. Qe2 Be7 11. Rad1 O-O 12. Ne5 h6 13. g4 Bh7 14. Bg3 Nbd7 15. f4 $36 {
1-0 Laznicka,V-Jirovsky,P/Czech Rep CZE 2004/The Week in Chess 491 (33)}) 8.
O-O e6 $2 $146 {That natural move allows white to develop a dangerous
initiative,exploiting his development advantage.} ({Much more in the spirit of
position is:} 8... O-O-O 9. d5 Nxd5 10. Nxd5 Qxd5 11. Qxd5 Rxd5 12. Nh4 Be6 13.
Bxd5 Bxd5 14. Be3 e6 15. b3 Nb4 16. c4 Bc6 $11 {1/2-1/2 Colovic,A-Almeida,O/
Havana CUB 2005 (30)}) 9. Bf4 Qb4 {Of course, this move doesn't look good, but
Black was already in trouble.} ({After} 9... Qd8 {white has a clear way to
develop his initiative:} 10. Ne5 Nxd4 11. Bxb7 Bc5 12. Nc6 Nxc6 13. Bxc6+ $16)
10. d5 $1 {Now this breakthrough is much stronger than after 8...0-0-0!} exd5 (
{Black couldn't be satisfied with the following lines:} 10... O-O-O 11. a3 $1 (
11. Ng5 Bg6 (11... Qe7 12. dxc6 Rxd1 13. cxb7+ Kb8 14. Rfxd1 $16) 12. a3 (12.
dxc6 $6 Rxd1 13. cxb7+ Kb8 14. Rfxd1 Bd6 $15) 12... Qxb2 $1 (12... Qe7 13. dxc6
Rxd1 14. cxb7+ Kb8 15. Rfxd1 $16) 13. Na4 Qb5 14. c4 Qxc4 15. Rc1 Qb5 16. dxc6
b6 $1 $13) 11... Qxb2 (11... Qe7 12. dxc6 Rxd1 13. cxb7+ Kxb7 14. Raxd1 $16 {
[%csl Rb7]}) 12. Na4 Qxc2 (12... Qb5 13. c4 Qxc4 14. Nd2 Qd4 15. Be3 $16 (15.
dxc6 $6 b5 {[%csl Ra4]})) 13. Qxc2 Bxc2 14. dxc6 Bxa4 15. cxb7+ Kb8 16. Ne5 Be8
17. Rab1 $40 {[%cal Gf1c1] and Black's king isn't safe even in the endgame!}) (
10... Rd8 11. Qe1 $1 Nxd5 12. Nxd5 Rxd5 13. Nh4 Qxe1 (13... Rb5 14. a4 $16) 14.
Rfxe1 $16 {[%csl Rc7,Rd5,Rf5]}) 11. Nxd5 Nxd5 12. Qxd5 Be6 13. Rae1 $40 {
Now white has a strong attack for free.} Be7 14. Rxe6 $1 {You can hardly call
it a sacrifice!} fxe6 15. Qxe6 Rf8 ({Black couldn't castle anyway:} 15... Nd8
16. Qe2 $16 O-O $140 $2 17. c3 Qc5 18. b4 $18 {[%csl Re7]}) 16. Bxc7 {At this
moment White has also a material advantage, so Black's next move is
practically forced!} ({Good enough was also:} 16. Ne5 Nxe5 17. Bxe5 $16) 16...
Qxb2 17. Ne5 {Clearing the diagonal for Bg2!} Nxe5 18. Bxe5 Qb5 19. Bxg7 Rf7
20. Bd4 {Now Black's monarch could find a safe place on the board!} Rd8 ({After
} 20... Qf5 21. Qb6 $1 (21. Qxf5 Rxf5 22. Bxb7 Rd8 $16) 21... Qxc2 (21... Rd8
22. c3 Kf8 23. Bxb7 $18) 22. Bxb7 Rd8 23. Bxa6 $18 {black is lost.}) 21. c3 Qd7
({Maybe it was better to take care about the Ke8:} 21... Kf8 $5 22. Re1 Rd6 $16
{although Black's position is still very hard.}) 22. Qe5 {[%csl Ge5]} b5 $2 {
A decisive mistake- Black loses additional material.} (22... Qd6 $142 23. Qe2 (
23. Bxb7 Qxe5 24. Bxe5 Bf6 $16) 23... Kf8 $16 {[%cal Ge7f6]}) 23. Qh8+ Bf8 ({or
} 23... Rf8 24. Qxh7 $18) 24. Bf6 $18 {[%cal Gf1e1] Black cannot avoid the
loss of an exchange, so the game ends.} Qe6 25. Bxd8 Kxd8 26. Rd1+ Kc7 27. Qd4
{[%cal Gg2d5,Gd4d8,Gd4a7] White is two pawns up, while Black's monarch is very
weak.} Rd7 {That is the only way to avoid a quick mate, but now White wins one
more pawn.} 28. Qa7+ Kd8 29. Rxd7+ Qxd7 30. Qxa6 Bg7 31. Bf1 Bxc3 32. Qxb5 {
The rest is just an agony, as Black has no chances to draw.} Qa7 33. Qd5+ Ke7
34. Bc4 Qa4 35. Bb3 Qb4 36. Qe6+ Kd8 37. Qg8+ Ke7 38. Qxh7+ Kd6 39. Qd3+ Bd4
40. Kg2 Qb7+ 41. Qf3 Qb6 42. h4 Kc5 43. Qd5+ Kb4 44. Qc4+ Ka3 45. Bd1 1-0

[Event "Tallinn zt"]
[Site "Tallinn"]
[Date "1998.??.??"]
[Round "?"]
[White "Rozentalis, Eduardas"]
[Black "Krakops, Maris"]
[Result "1-0"]
[WhiteElo "2575"]
[BlackElo "2510"]
[Annotator "Rozentalis,E"]
[PlyCount "73"]
[EventDate "1998.07.??"]
[EventType "tourn"]
[EventRounds "9"]
[EventCountry "EST"]
[SourceTitle "CBM 066"]
[Source "ChessBase"]
[SourceDate "1998.09.30"]
[SourceVersion "1"]
[SourceVersionDate "1998.09.30"]
[SourceQuality "1"]

1. e4 d5 2. exd5 Nf6 3. d4 Bg4 4. Nf3 Qxd5 5. Be2 e6 $6 {Probably black has to
attack d4 immediately by 6...Nc6. Now white gains advantage in the centre.} (
5... Nc6 $142) 6. h3 Bh5 7. c4 Qd7 8. Nc3 (8. g4 $5 Bg6 9. Ne5) 8... Bxf3 {
White threatened 9.g4 following by 10.Ne5.} (8... Nc6 $2 9. d5 $1 $16) 9. Bxf3
Nc6 10. Be3 O-O-O 11. Nb5 {Protecting the d4-pawn and attacking the kings
position.} Bb4+ 12. Kf1 Kb8 13. Qb3 a6 {Black has to sacrifice a pawn, as on
any move of the bishop 14.Nxa7 could follow.} (13... Be7 14. Nxa7 Kxa7 15. d5+
Kb8 16. dxc6 Qd3+ 17. Qxd3 Rxd3 18. cxb7 $18) (13... a5 $6 14. c5 $1 e5 15. a3
exd4 16. Bf4 $16) 14. Nxc7 Qxc7 15. Bxc6 Qxc6 16. Qxb4 Ka8 (16... Ne4 $142 17.
Z0 Nd6 18. Z0 Nf5 {attacking d4 and e3 would give good chance for draw.}) 17.
f3 (17. Qc5 $142 $1 {the best was to swap the queens.}) 17... Nh5 18. Kf2 Qc7
19. Qc5 $6 {Now it doesn't work.} (19. Rhe1 $142) 19... Qg3+ 20. Kf1 g6 $1 {
Black protects the knight, ready to meet 22.d5 by Qb8, and keeps his
counterplay.} (20... Nf4 $2 21. Rg1 {and then 22.d5; 22. Qe5 or 22.Bf2.}) 21.
Bf2 Qf4 22. Qe5 $2 {This allows blacks queen to penetrate.} (22. Rd1 $142)
22... Qd2 23. b3 f6 $1 {Going for nice exchange sacrifice. White has only one
move.} 24. Qe1 $8 (24. Qxe6 Rhe8 $19) (24. Qe4 Rxd4 25. Qxd4 Ng3+ 26. Kg1 (26.
Bxg3 Qxd4 $19) 26... Ne2+ $19) 24... Rxd4 $1 25. Bxd4 Qxd4 26. Rc1 Rd8 27. g3
$4 {The loosing move. Black has full compensation for the exchange, so it was
necassary to make a draw.} (27. c5 $142 Qb2 28. Rd1 Ng3+ 29. Kg1 Rxd1 30. Qxd1
Ne2+ 31. Kf1 (31. Kh2 $4 Qe5+ 32. f4 Qxf4+ 33. g3 Qxg3#) 31... Ng3+ 32. Kg1 (
32. Ke1 $2 Qe5+ 33. Kd2 Nxh1 34. Qxh1 Qxc5 $17) 32... Ne2+ $11 (32... Nxh1 33.
Qd8+ Ka7 34. Qb6+ $11)) 27... Qb2 $4 (27... Nxg3+ $142 $1 28. Qxg3 Qd3+ 29. Kg2
Qd2+ 30. Qf2 Qg5+ 31. Kh2 Rd2 32. Rc2 Rxf2+ 33. Rxf2 Qf4+ $19) 28. Rg1 Rd3 29.
Rg2 Rxf3+ 30. Kg1 Qd4+ $4 $138 {Natural time-trouble move.   Now white is
again an exchange up and has better chances.} (30... Rxg3 $142 $1 31. Rxg3 Nxg3
32. Rd1 Ne2+ 33. Kh1 Nd4 34. Qh4 $11 {and white probably is holding.}) 31. Kh2
$16 Nxg3 $4 $138 32. Rxg3 Qf4 33. Rc3 Rf1 34. Qe3 Rf2+ 35. Kg1 Rf1+ 36. Kg2 Qf5
37. Rd3 1-0